[Event "Wiesbaden op 27th"]
[Site "Wiesbaden"]
[Date "2015.08.29"]
[Round "4"]
[White "Levin, Felix"]
[Black "Pienski, Olaf"]
[Result "1-0"]
[WhiteElo "2503"]
[BlackElo "2105"]
[PlyCount "63"]
[EventDate "2015.08.27"]
[EventType "swiss"]
[EventRounds "7"]
[EventCountry "GER"]
[SourceTitle "EXT 2016"]
[Source "ChessBase"]
[SourceDate "2015.10.08"]
[SourceVersion "1"]
[SourceVersionDate "2015.10.08"]
[SourceQuality "1"]

1. d4 d5 2. c4 e6 3. Nf3 Nf6 4. g3 dxc4 5. Bg2 Bb4+ 6. Bd2 a5 7. a3 Be7 8. Qa4+ Bd7 9. Qxc4 Bc6 10. Nc3 0-0 11. Qd3 Nbd7 12. 0-0 Rb8 13. Qc2 Bxf3 14. Bxf3 Nb6 15. e3 c6 16. Rfd1 Bd6 17. e4 Bc7 18. e5 Nfd5 19. Ne4 Nd7 20. Ng5 g6 21. Qe4 Qe7 22. Qh4 f6 23. exf6 N7xf6 24. Re1 e5 25. dxe5 Nd7 26. Bxd5+ cxd5 27. Qd4 Bb6 28. Qxd5+ Kh8 29. Nh3 Nc5 30. e6 Na4 31. Qe4 Rbd8 32. Bg5 1-0

[Event "Bremen-ch op"]
[Site "Bremen"]
[Date "2014.04.19"]
[Round "9"]
[White "Doescher, Arne"]
[Black "Pienski, Olaf"]
[Result "0-1"]
[WhiteElo "2251"]
[BlackElo "2067"]
[PlyCount "72"]
[EventDate "2014.04.14"]
[EventType "swiss"]
[EventRounds "9"]
[EventCountry "GER"]
[SourceTitle "EXT 2018"]
[Source "ChessBase"]
[SourceDate "2017.10.13"]
[SourceVersion "1"]
[SourceVersionDate "2017.10.13"]
[SourceQuality "1"]

1. d4 Nf6 2. Nf3 g6 3. Bf4 Bg7 4. e3 c5 5. Be2 b6 6. h3 0-0 7. 0-0 d6 8. c4 cxd4 9. exd4 Nbd7 10. Na3 Bb7 11. d5 Rc8 12. Re1 Re8 13. Qd2 Ba6 14. Nd4 Ne5 15. b3 e6 16. dxe6 fxe6 17. Ndb5 Bxb5 18. Nxb5 Nf7 19. Rad1 e5 20. Bg5 a6 21. Bxf6 Qxf6 22. Nxd6 Red8 23. Nxc8 Rxd2 24. Rxd2 e4 25. Red1 Bf8 26. Bg4 Bc5 27. Re2 h5 28. Bd7 Ne5 29. b4 Bxb4 30. Rxe4 Bc5 31. Re2 Kg7 32. Rd5 Nxc4 33. Be6 Ne3 34. Rd7+ Kh6 35. Bg8 Qa1+ 36. Kh2 Nf1+ 0-1

[Event "Bremen-ch op"]
[Site "Bremen"]
[Date "2014.04.17"]
[Round "7"]
[White "Pienski, Olaf"]
[Black "Janusch, Gerd"]
[Result "1-0"]
[WhiteElo "2067"]
[BlackElo "2234"]
[PlyCount "69"]
[EventDate "2014.04.14"]
[EventType "swiss"]
[EventRounds "9"]
[EventCountry "GER"]
[SourceTitle "EXT 2018"]
[Source "ChessBase"]
[SourceDate "2017.10.13"]
[SourceVersion "1"]
[SourceVersionDate "2017.10.13"]
[SourceQuality "1"]

1. e4 c5 2. Nf3 d6 3. d4 cxd4 4. Nxd4 Nf6 5. Nc3 g6 6. Be3 Bg7 7. f3 0-0 8. Qd2 Nc6 9. Bc4 Bd7 10. Bb3 Ne5 11. 0-0-0 Rc8 12. Kb1 Nc4 13. Bxc4 Rxc4 14. g4 Qc7 15. g5 Nh5 16. Nd5 Qd8 17. Ne2 Be6 18. Ng3 Bxd5 19. exd5 Rh4 20. Nxh5 Rxh5 21. h4 a6 22. Qb4 Qd7 23. Qe4 h6 24. gxh6 Bf6 25. Rdg1 Qb5 26. Bd4 Qxd5 27. Rxg6+ Kh8 28. Bxf6+ exf6 29. Qxd5 Rxd5 30. Rxf6 Kh7 31. Rg1 Rh5 32. Rg7+ Kh8 33. Rgxf7 Re8 34. b3 Rxh4 35. Rxb7 1-0